[Event "BL 0506 Godesberger SK - SV Mülheim Nor"]
[Site "?"]
[Date "2006.02.18"]
[Round "10.2"]
[White "Jenni, Florian"]
[Black "Fridman, Daniel"]
[Result "1/2-1/2"]
[WhiteElo "2502"]
[BlackElo "2564"]
[PlyCount "67"]
[EventDate "2006.??.??"]

1. e4 c6 2. d4 d5 3. e5 Bf5 4. Be3 e6 5. c3 Qb6 6. Qb3 Nd7 7. Nd2 f6 8. f4 g5
9. Ngf3 gxf4 10. Bxf4 Bh6 11. Bxh6 Nxh6 12. exf6 Nxf6 13. Qxb6 axb6 14. h3 Ne4
15. Nxe4 Bxe4 16. Ng5 Bf5 17. g4 Rg8 18. gxf5 Rxg5 19. fxe6 Ke7 20. a3 Nf5 21.
Bd3 Ne3 22. Kd2 Nc4+ 23. Bxc4 dxc4 24. Raf1 Kxe6 25. Rh2 Rg7 26. Re2+ Kd7 27.
Rf6 Ra5 28. Re5 Rxe5 29. dxe5 Re7 30. Rh6 b5 31. h4 Rxe5 32. Rxh7+ Kd6 33. Rg7
Re4 34. Rxb7 1/2-1/2

[Event "BL 0506 Godesberger SK - SV Mülheim Nor"]
[Site "?"]
[Date "2006.02.18"]
[Round "10.4"]
[White "Seel, Christian"]
[Black "Schebler, Gerhard"]
[Result "1/2-1/2"]
[WhiteElo "2492"]
[BlackElo "2474"]
[PlyCount "24"]
[EventDate "2006.??.??"]

1. Nf3 d6 2. d4 Bg4 3. e3 e6 4. c3 c6 5. Nbd2 Be7 6. Bd3 Nf6 7. Qc2 Bh5 8. b3
Bg6 9. a4 Qc7 10. O-O O-O 11. Bxg6 hxg6 12. Ba3 Nbd7 1/2-1/2

[Event "BL 0506 Godesberger SK - SV Mülheim Nor"]
[Site "?"]
[Date "2006.02.18"]
[Round "10.5"]
[White "Saltaev, Mihail"]
[Black "Breder, Dennis"]
[Result "1-0"]
[WhiteElo "2498"]
[BlackElo "2431"]
[PlyCount "77"]
[EventDate "2006.??.??"]

1. e4 e5 2. Nf3 Nc6 3. Bb5 f5 4. d3 fxe4 5. dxe4 Nf6 6. O-O Bc5 7. Bxc6 bxc6 8.
Nxe5 O-O 9. Nd3 Nxe4 10. Nxc5 Nxc5 11. Be3 Ne6 12. Nd2 c5 13. Nb3 Bb7 14. Na5
Be4 15. f3 Bg6 16. Qd2 d6 17. a3 Qf6 18. b4 Qf5 19. c3 Rfe8 20. Rfe1 a6 21.
Rad1 Bf7 22. Qf2 Qf6 23. Rc1 Rab8 24. Qd2 Qf5 25. Rcd1 h6 26. Re2 g5 27. Rde1
Kh7 28. h3 Bg6 29. Bf2 Bf7 30. bxc5 Nxc5 31. Re7 Rxe7 32. Rxe7 Ne6 33. Nc6 Rb1+
34. Kh2 Kg7 35. Bg3 Kf8 36. Rxc7 Nxc7 37. Qxd6+ Kg7 38. Be5+ Kh7 39. Qf8 1-0

[Event "BL 0506 Godesberger SK - SV Mülheim Nor"]
[Site "?"]
[Date "2006.02.18"]
[Round "10.6"]
[White "Langheinrich, Ferenc"]
[Black "Hausrath, Daniel"]
[Result "0-1"]
[WhiteElo "2391"]
[BlackElo "2463"]
[PlyCount "104"]
[EventDate "2006.??.??"]

1. e4 c5 2. Nf3 Nc6 3. d4 cxd4 4. Nxd4 g6 5. c4 Bg7 6. Be3 Nf6 7. Nc3 d6 8. Be2
O-O 9. O-O Bd7 10. Qd2 a5 11. b3 a4 12. Rab1 Nxd4 13. Bxd4 axb3 14. axb3 Bc6
15. f3 Nd7 16. Bf2 Ra3 17. Rfc1 Nc5 18. Bd1 b6 19. b4 Nd7 20. Bb3 Be5 21. b5
Bb7 22. Na4 Nc5 23. Qb4 Rxa4 24. Bxa4 Nd3 25. Qd2 Nxc1 26. Rxc1 Qc7 27. Bb3 Ra8
28. h4 h5 29. Re1 Ra3 30. Qb4 Ra8 31. Qd2 Ra3 32. Qd3 Kg7 33. Rb1 e6 34. Kf1
Bf6 35. Qe3 d5 36. Qxb6 Qh2 37. Bg1 Qh1 38. cxd5 exd5 39. Qc5 dxe4 40. Qc7 exf3
41. Qxf7+ Kh6 42. Qf8+ Bg7 43. Qf4+ Kh7 44. gxf3 Bxf3 45. Qh2 Qxh2 46. Bxh2 Be4
47. Bd6 Ra5 48. Re1 Bd3+ 49. Kg2 Rxb5 50. Bd1 Bf6 51. Kg3 Rb1 52. Rh1 Be2 0-1

[Event "BL 0506 TV Tegernsee - SK Zehlendorf"]
[Site "?"]
[Date "2006.02.18"]
[Round "10.1"]
[White "Richter, Michael"]
[Black "Bischoff, Klaus"]
[Result "1/2-1/2"]
[WhiteElo "2407"]
[BlackElo "2555"]
[PlyCount "143"]
[EventDate "2006.??.??"]

1. d4 Nf6 2. Bg5 e6 3. e3 h6 4. Bh4 Be7 5. Bd3 b6 6. Nf3 Bb7 7. O-O c5 8. Nbd2
cxd4 9. exd4 d6 10. a4 a6 11. c3 Nbd7 12. Bg3 Nh5 13. b4 Nxg3 14. hxg3 O-O 15.
Be4 Qc7 16. Bxb7 Qxb7 17. Qb3 Rfc8 18. Rfe1 Nf6 19. c4 Rab8 20. a5 bxa5 21.
Rxa5 Qxb4 22. Qxb4 Rxb4 23. Rxa6 Bf8 24. Rc1 g5 25. Ne1 Rb2 26. Rc2 Rcb8 27.
Ra2 R2b7 28. Ra6 Rb2 29. Ra2 R2b7 30. Nd3 Bg7 31. c5 Rd7 32. c6 Rc7 33. Ra6 Kf8
34. Rb2 Rxb2 35. Nxb2 Nd5 36. Nbc4 Ke7 37. Ne4 Nb4 38. Rb6 Nxc6 39. Nexd6 Bxd4
40. Rb7 Rxb7 41. Nxb7 Nb4 42. Nba5 e5 43. Kf1 Ke6 44. g4 Nd3 45. f3 Kd5 46. Nd2
Bc3 47. Nab3 Bxd2 48. Nxd2 Nc5 49. Ke2 e4 50. fxe4+ Nxe4 51. Nf1 Ke5 52. Kf3
Kd4 53. Ne3 Nd6 54. Nc2+ Ke5 55. Ne3 Ke6 56. Nc2 Kf6 57. Nd4 Kg6 58. Ne2 h5 59.
gxh5+ Kxh5 60. Ng3+ Kg6 61. Ne2 f6 62. Nd4 Nf5 63. Nxf5 Kxf5 64. g4+ Ke5 65.
Ke3 Kd6 66. Kd4 Kd7 67. Kd3 Ke7 68. Ke3 Ke8 69. Ke2 Kd8 70. Kd2 Kc8 71. Kc2 Kc7
72. Kc3 1/2-1/2

[Event "BL 0506 TV Tegernsee - SK Zehlendorf"]
[Site "?"]
[Date "2006.02.18"]
[Round "10.2"]
[White "Boensch, Uwe"]
[Black "Maksimenko, Andrei"]
[Result "1-0"]
[WhiteElo "2547"]
[BlackElo "2501"]
[PlyCount "77"]
[EventDate "2006.??.??"]

1. d4 Nf6 2. c4 e6 3. Nc3 Bb4 4. Qc2 c5 5. dxc5 O-O 6. Nf3 Na6 7. g3 Nxc5 8.
Bg2 Nce4 9. Bd2 Nxd2 10. Nxd2 d5 11. O-O dxc4 12. Nxc4 Qc7 13. Ne4 Be7 14. Rac1
Bd7 15. Qb1 Nd5 16. a3 a5 17. Ne3 Qe5 18. Nxd5 exd5 19. Nc3 Be6 20. Qd3 d4 21.
Qb5 Bf6 22. Qxe5 Bxe5 23. Na4 Rab8 24. Nc5 Bf5 25. Nd3 Bxd3 26. exd3 Rfc8 27.
Bxb7 Rxc1 28. Rxc1 Kf8 29. Be4 Rxb2 30. Rc5 Bd6 31. Rxa5 g6 32. Bd5 Rc2 33. Bc4
h5 34. a4 Bb4 35. Ra8+ Ke7 36. Ra7+ Kd6 37. Rxf7 Be1 38. Kf1 Rc1 39. Ke2 1-0

[Event "BL 0506 TV Tegernsee - SK Zehlendorf"]
[Site "?"]
[Date "2006.02.18"]
[Round "10.4"]
[White "Hertneck, Gerald"]
[Black "Janz, Frerik"]
[Result "1/2-1/2"]
[WhiteElo "2539"]
[BlackElo "2355"]
[PlyCount "59"]
[EventDate "2006.??.??"]

1. d4 d6 2. e4 Nf6 3. f3 c5 4. Ne2 cxd4 5. Nxd4 e5 6. Nb5 a6 7. N5c3 Be7 8. Bc4
Be6 9. Bb3 Nbd7 10. Be3 b5 11. Nd2 O-O 12. O-O Qc7 13. Qe2 b4 14. Na4 d5 15.
Rfd1 Rfd8 16. Rac1 Qb7 17. Bf2 Rac8 18. exd5 Nxd5 19. Ne4 f5 20. Ng3 g6 21. c3
Kf7 22. cxb4 Bxb4 23. Rxc8 Rxc8 24. Nf1 Nf4 25. Bxe6+ Kxe6 26. Qe3 Bd6 27. Qd2
Bb4 28. Qe3 Bd6 29. Qd2 Bb4 30. Qe3 1/2-1/2

[Event "BL 0506 TV Tegernsee - SK Zehlendorf"]
[Site "?"]
[Date "2006.02.18"]
[Round "10.5"]
[White "Heinig, Wolfram Dr"]
[Black "Teske, Henrik"]
[Result "1/2-1/2"]
[WhiteElo "2338"]
[BlackElo "2487"]
[PlyCount "26"]
[EventDate "2006.??.??"]

1. d4 e6 2. g3 d5 3. Bg2 Nf6 4. c4 dxc4 5. Nf3 Nc6 6. Qa4 Bb4+ 7. Bd2 Nd5 8.
Bxb4 Ndxb4 9. Nc3 Bd7 10. O-O a5 11. Qd1 O-O 12. Nd2 Nxd4 13. Bxb7 Rb8 1/2-1/2

[Event "BL 0506 TV Tegernsee - SK Zehlendorf"]
[Site "?"]
[Date "2006.02.18"]
[Round "10.7"]
[White "Klimm, Wolf-Dietrich"]
[Black "Bromberger, Stefan"]
[Result "1/2-1/2"]
[WhiteElo "2287"]
[BlackElo "2478"]
[PlyCount "99"]
[EventDate "2006.??.??"]

1. d4 Nf6 2. Nf3 g6 3. g3 Bg7 4. Bg2 O-O 5. c4 d6 6. O-O Nbd7 7. Nc3 e5 8. e4
a6 9. a4 Re8 10. a5 exd4 11. Nxd4 Ne5 12. b3 c5 13. Nc2 Nc6 14. Bf4 Nh5 15. Bd2
Nxa5 16. Rb1 Nc6 17. g4 Nf4 18. Bxf4 Bxc3 19. Bxd6 Bxg4 20. f3 Be6 21. Bxc5 Qa5
22. Be3 Rad8 23. Qe2 Nd4 24. Nxd4 Bxd4 25. Rfd1 Qc3 26. Rxd4 Rxd4 27. Bxd4
Qxd4+ 28. Qf2 Qd3 29. Qf1 Rd8 30. Qxd3 Rxd3 31. Rb2 f5 32. exf5 gxf5 33. f4 b5
34. Bf1 Rd1 35. cxb5 axb5 36. Kf2 b4 37. Bc4 Kf7 38. Bxe6+ Kxe6 39. Re2+ Kd5
40. Ke3 Rd4 41. Rf2 Re4+ 42. Kd3 h5 43. h4 Re1 44. Ra2 Rd1+ 45. Ke3 Rb1 46.
Ra5+ Ke6 47. Kd4 Re1 48. Re5+ Rxe5 49. fxe5 f4 50. Ke4 1/2-1/2

[Event "BL 0506 TV Tegernsee - SK Zehlendorf"]
[Site "?"]
[Date "2006.02.18"]
[Round "10.8"]
[White "Gross, David"]
[Black "Brustkern, Juergen"]
[Result "1-0"]
[WhiteElo "2467"]
[BlackElo "2236"]
[PlyCount "113"]
[EventDate "2006.??.??"]

1. e4 c5 2. Nf3 e6 3. d4 cxd4 4. Nxd4 Nc6 5. Nb5 d6 6. Bf4 e5 7. Be3 Nf6 8. Bg5
a6 9. N5c3 Be7 10. Bxf6 Bxf6 11. Nd2 Be6 12. Nc4 Nd4 13. Ne3 Qa5 14. h4 Rc8 15.
Bd3 O-O 16. Kf1 Rxc3 17. bxc3 Qxc3 18. a4 Rc8 19. g3 g6 20. Kg2 b5 21. axb5
axb5 22. Ra6 Qc5 23. Qa1 d5 24. Ra8 dxe4 25. Bxe4 Nf5 26. Rxc8+ Bxc8 27. Nd5
Bg7 28. Qc3 Qxc3 29. Nxc3 Nd6 30. Bc6 Bf5 31. Nxb5 Nxb5 32. Bxb5 Bxc2 33. Bc4
Be4+ 34. f3 Bc6 35. Rc1 Be8 36. Bd5 Kf8 37. Rc8 Ke7 38. Rb8 f5 39. Rb7+ Kf8 40.
Rb8 Ke7 41. Rb7+ Kf8 42. g4 e4 43. gxf5 exf3+ 44. Kxf3 gxf5 45. Kf4 Bg6 46. Bf3
Bc3 47. Rc7 Bd2+ 48. Ke5 Be1 49. Rc8+ Ke7 50. h5 Bg3+ 51. Kd4 Be8 52. Ra8 Bf4
53. Ra7+ Kf6 54. Rxh7 Be5+ 55. Kc4 Bd6 56. Rh6+ Ke5 57. Bd5 1-0

[Event "BL 0506 SC Eppingen - Leipzig Gohlis"]
[Site "?"]
[Date "2006.02.18"]
[Round "10.1"]
[White "Vogt, Lothar"]
[Black "Gyimesi, Zoltan"]
[Result "1/2-1/2"]
[WhiteElo "2484"]
[BlackElo "2624"]
[PlyCount "39"]
[EventDate "2006.??.??"]

1. e4 e5 2. Nf3 Nc6 3. Bb5 Nf6 4. O-O Nxe4 5. d4 Nd6 6. Bxc6 dxc6 7. dxe5 Nf5
8. Qxd8+ Kxd8 9. Rd1+ Ke8 10. h3 Ne7 11. Bf4 Ng6 12. Bg3 h5 13. Nc3 h4 14. Bh2
Be6 15. Nd4 Rh5 16. Nxe6 fxe6 17. Rd4 Rd8 18. Rxd8+ Kxd8 19. Rd1+ Ke8 20. Ne2
1/2-1/2

[Event "BL 0506 SC Eppingen - Leipzig Gohlis"]
[Site "?"]
[Date "2006.02.18"]
[Round "10.2"]
[White "Postny, Evgeny"]
[Black "Voigt, Roland"]
[Result "1-0"]
[WhiteElo "2571"]
[BlackElo "2384"]
[PlyCount "97"]
[EventDate "2006.??.??"]

1. d4 Nf6 2. c4 g6 3. f3 Bg7 4. e4 d6 5. Nc3 O-O 6. Be3 c5 7. Nge2 Qa5 8. Nc1
cxd4 9. Nb3 Qh5 10. Nxd4 Nc6 11. Nc2 Be6 12. Rc1 Nd7 13. Qd2 Rfc8 14. b3 Qa5
15. Na4 Qc7 16. Be2 Nc5 17. Nc3 Qa5 18. Na1 Bd7 19. O-O Ne6 20. Rfd1 Ned4 21.
Bf1 a6 22. Nd5 Qd8 23. Nc2 e5 24. Nxd4 Nxd4 25. Bg5 f6 26. Be3 a5 27. Bxd4 exd4
28. Qxd4 Rc6 29. Qe3 Kh8 30. Bd3 Qf8 31. Rc2 Re8 32. Qf2 Rc5 33. Rcd2 Bh6 34.
Re2 Bg7 35. Kh1 Be6 36. Ne3 Bd7 37. Red2 Bh6 38. Bb1 Rc6 39. f4 Bc8 40. Nd5 Bg7
41. f5 gxf5 42. exf5 a4 43. h3 Bh6 44. Rd4 axb3 45. axb3 Re5 46. Be4 Ra6 47.
Nc7 Ra3 48. Qb2 Rea5 49. Rxd6 1-0

[Event "BL 0506 SC Eppingen - Leipzig Gohlis"]
[Site "?"]
[Date "2006.02.18"]
[Round "10.3"]
[White "Zesch, Ludwig"]
[Black "Acs, Peter"]
[Result "0-1"]
[WhiteElo "2292"]
[BlackElo "2518"]
[PlyCount "66"]
[EventDate "2006.??.??"]

1. e4 e5 2. Nf3 Nc6 3. Nc3 Nf6 4. g3 Bc5 5. Bg2 d6 6. d3 a6 7. O-O h6 8. h3 Be6
9. Be3 Qd7 10. Kh2 O-O-O 11. d4 exd4 12. Nxd4 Ne5 13. b3 g5 14. Na4 g4 15. h4
Bc4 16. Re1 Bb5 17. Nxb5 Qxb5 18. c4 Qe8 19. Nc3 Qe6 20. Nd5 Bxe3 21. Nxe3 Kb8
22. Kh1 Ng8 23. Nf5 Ne7 24. Nd4 Qf6 25. Qe2 c5 26. Nc2 N7c6 27. Ne3 Nd4 28. Qf1
Nef3 29. Bxf3 gxf3 30. Qd3 Rhg8 31. Rad1 Rde8 32. Nf5 Rg4 33. Nxd4 Qxh4+ 0-1

[Event "BL 0506 SC Eppingen - Leipzig Gohlis"]
[Site "?"]
[Date "2006.02.18"]
[Round "10.4"]
[White "Braun, Arik"]
[Black "Schoeneberg, Manfred"]
[Result "1-0"]
[WhiteElo "2465"]
[BlackElo "2322"]
[PlyCount "61"]
[EventDate "2006.??.??"]

1. d4 Nf6 2. c4 d6 3. Nc3 Nbd7 4. Nf3 c6 5. Bg5 h6 6. Bh4 g5 7. Bg3 Nh5 8. e3
Nxg3 9. hxg3 Bg7 10. Bd3 Nf6 11. Qc2 Qc7 12. b4 a5 13. b5 Bd7 14. Rb1 c5 15. b6
Qd8 16. dxc5 dxc5 17. Nd5 Nxd5 18. cxd5 Rc8 19. Bc4 Bg4 20. Nd2 Qd6 21. Bb5+
Kf8 22. Qe4 h5 23. O-O Rd8 24. Nc4 Qf6 25. Rb3 Be2 26. Nxa5 Bxf1 27. Bxf1 Ra8
28. Nxb7 Rxa2 29. f4 gxf4 30. Nxc5 Kg8 31. b7 1-0

[Event "BL 0506 SC Eppingen - Leipzig Gohlis"]
[Site "?"]
[Date "2006.02.18"]
[Round "10.5"]
[White "Quast, Michael"]
[Black "Meier, Georg"]
[Result "1/2-1/2"]
[WhiteElo "2281"]
[BlackElo "2411"]
[PlyCount "88"]
[EventDate "2006.??.??"]

1. e4 c5 2. Nf3 d6 3. Nc3 Nf6 4. g3 Nc6 5. Bg2 Bg4 6. h3 Bxf3 7. Bxf3 g6 8. d3
Bg7 9. O-O Nd4 10. Bg2 Nd7 11. Ne2 Rb8 12. a4 Qa5 13. Bd2 Qa6 14. Nc3 e6 15. b3
O-O 16. f4 Qb6 17. Kh2 Kh8 18. Rb1 a6 19. Ne2 Qc7 20. a5 Nc6 21. Qe1 Nb4 22.
Bxb4 cxb4 23. Qxb4 Qxc2 24. Qxd6 Rfd8 25. Nd4 Qxd3 26. Rfd1 Qe3 27. Nf3 Qc5 28.
Ng5 Kg8 29. e5 Bf8 30. Qxc5 Nxc5 31. Rxd8 Rxd8 32. b4 Nd3 33. b5 axb5 34. Rxb5
Nc5 35. Ne4 Nxe4 36. Bxe4 Rd2+ 37. Kh1 Rd1+ 38. Kg2 Rd2+ 39. Kf3 Ra2 40. Bxb7
Ra3+ 41. Kg2 Ra2+ 42. Kf1 h6 43. a6 g5 44. fxg5 hxg5 1/2-1/2

[Event "BL 0506 SC Eppingen - Leipzig Gohlis"]
[Site "?"]
[Date "2006.02.18"]
[Round "10.6"]
[White "Medvegy, Zoltan"]
[Black "Fischer, Johannes"]
[Result "1-0"]
[WhiteElo "2478"]
[BlackElo "2285"]
[PlyCount "93"]
[EventDate "2006.??.??"]

1. d4 Nf6 2. c4 g6 3. Nf3 Bg7 4. e4 d6 5. Nc3 O-O 6. Be2 e5 7. Be3 Na6 8. O-O
Ng4 9. Bg5 Qe8 10. dxe5 dxe5 11. h3 h6 12. Bc1 Nf6 13. Be3 Qe7 14. a3 c6 15. b4
Ne8 16. Na4 Nd6 17. b5 Nc7 18. b6 axb6 19. Nxb6 Rb8 20. Nd2 Be6 21. a4 f5 22.
f3 Nf7 23. Rb1 Rfd8 24. Qc2 f4 25. Bf2 Bf6 26. a5 Bh4 27. Na4 Qg5 28. Bxh4 Qxh4
29. Nc5 Bxh3 30. Rf2 Bc8 31. a6 b6 32. a7 Ra8 33. Rxb6 Rxa7 34. Rxc6 Ng5 35.
Nf1 Ra1 36. Qb2 Qg3 37. Rxg6+ Kf7 38. Rxg5 Rxf1+ 39. Bxf1 Qxg5 40. Nd3 Re8 41.
Qc3 h5 42. Ra2 h4 43. Ra7 Re7 44. Nxe5+ Ke8 45. Ra5 Qg7 46. Qb2 h3 47. Qb8 1-0

[Event "BL 0506 SC Eppingen - Leipzig Gohlis"]
[Site "?"]
[Date "2006.02.18"]
[Round "10.8"]
[White "Meinhardt, Maximillian"]
[Black "Rausch, Stephan"]
[Result "1-0"]
[WhiteElo "2372"]
[BlackElo "2343"]
[PlyCount "93"]
[EventDate "2006.??.??"]

1. e4 e6 2. d4 d5 3. e5 c5 4. c3 Nc6 5. Nf3 Bd7 6. dxc5 Bxc5 7. b4 Be7 8. b5
Na5 9. Bd3 Rc8 10. O-O Nc4 11. a4 f6 12. Re1 g6 13. exf6 Nxf6 14. Bh6 Nb2 15.
Qe2 Nxd3 16. Qxd3 Ne4 17. Bg7 Rg8 18. Bd4 Bc5 19. Nbd2 Bxd4 20. cxd4 Rc3 21.
Qe2 Nxd2 22. Qxd2 Rxf3 23. gxf3 Rf8 24. Kg2 Qh4 25. Re5 Rf4 26. Rd1 Kf7 27. Qc3
Kg7 28. Qc7 Rf7 29. Re3 h5 30. Rc3 Kh7 31. Qg3 Qf6 32. h4 a6 33. bxa6 bxa6 34.
Rc7 Rg7 35. Qg5 Qxg5+ 36. hxg5 Bxa4 37. Rdc1 Bb3 38. R1c6 Rxc7 39. Rxc7+ Kg8
40. Re7 e5 41. Rxe5 Kf7 42. Re3 Bc4 43. Kg3 Bb5 44. f4 a5 45. Rb3 Bd7 46. Rb7
Ke6 47. f5+ 1-0

[Event "BL 0506 Solinger SG - SC Kreuzberg"]
[Site "?"]
[Date "2006.02.18"]
[Round "10.2"]
[White "Nikolic, Predrag"]
[Black "Almasi, Zoltan"]
[Result "1/2-1/2"]
[WhiteElo "2584"]
[BlackElo "2640"]
[PlyCount "97"]
[EventDate "2006.??.??"]

1. Nf3 c5 2. c4 Nc6 3. d4 cxd4 4. Nxd4 Nf6 5. g3 e6 6. Bg2 Bb4+ 7. Nc3 Qb6 8.
Ndb5 a6 9. Nd6+ Ke7 10. Nxc8+ Raxc8 11. O-O Bxc3 12. bxc3 Na5 13. Rb1 Qc7 14.
Qa4 b6 15. c5 bxc5 16. Rd1 Nc6 17. Bf4 e5 18. Be3 Na5 19. c4 Rb8 20. h3 Rhc8
21. Rxb8 Rxb8 22. Bd2 Nc6 23. Qxa6 Rb2 24. Qa3 Rc2 25. Qa4 Rb2 26. e3 Qb6 27.
Bc3 Rb1 28. Rxb1 Qxb1+ 29. Kh2 Ne4 30. Qa3 Nxc3 31. Qxc5+ Kd8 32. Bxc6 dxc6 33.
Qa5+ Kd7 34. Qxc3 Qxa2 35. Kg2 Ke6 36. Qb4 Qc2 37. g4 Qe4+ 38. Kg3 Qd3 39. Qf8
Qxc4 40. Qxg7 Qe4 41. Qf8 Qc2 42. Qe8+ Kf6 43. h4 Qe4 44. Qf8 Ke6 45. g5 f5 46.
f3 Qb1 47. Qf6+ Kd5 48. Qf7+ Kd6 49. Qf6+ 1/2-1/2

[Event "BL 0506 Solinger SG - SC Kreuzberg"]
[Site "?"]
[Date "2006.02.18"]
[Round "10.5"]
[White "Kalinitschew, Sergey"]
[Black "Gabriel, Christian"]
[Result "0-1"]
[WhiteElo "2491"]
[BlackElo "2531"]
[PlyCount "76"]
[EventDate "2006.??.??"]

1. d4 Nf6 2. Nf3 g6 3. c4 Bg7 4. g3 O-O 5. Bg2 d6 6. Nc3 Nbd7 7. O-O e5 8. e4
a6 9. Re1 exd4 10. Nxd4 Ng4 11. h3 Qf6 12. hxg4 Qxd4 13. Qxd4 Bxd4 14. Nd5 c6
15. Ne7+ Kg7 16. Rd1 c5 17. Rxd4 cxd4 18. b3 Ne5 19. f3 Nc6 20. Nd5 b5 21. cxb5
axb5 22. Bb2 Be6 23. Bf1 Rfb8 24. a3 Rb7 25. Rc1 Rc8 26. b4 Rbb8 27. Be2 Kf8
28. Kf2 Bxd5 29. exd5 Ne5 30. Rh1 Rc2 31. Bxd4 Re8 32. Kf1 Nc4 33. Bxc4 Rxc4
34. Bg1 Rc1+ 35. Kf2 Rc2+ 36. Kf1 Ra8 37. Rxh7 Rxa3 38. Bd4 Rd3 0-1

[Event "BL 0506 Solinger SG - SC Kreuzberg"]
[Site "?"]
[Date "2006.02.18"]
[Round "10.6"]
[White "Werle, Jan"]
[Black "Lau, Ralf"]
[Result "1/2-1/2"]
[WhiteElo "2509"]
[BlackElo "2467"]
[PlyCount "169"]
[EventDate "2006.??.??"]

1. Nf3 c5 2. c4 Nc6 3. d4 cxd4 4. Nxd4 e5 5. Nb5 d6 6. g3 Be6 7. b3 a6 8. N5c3
f5 9. Bg2 Nf6 10. O-O Rc8 11. Nd5 Bxd5 12. Bxd5 Nxd5 13. Qxd5 Qd7 14. Nc3 b5
15. Bb2 bxc4 16. Qxc4 a5 17. Qa6 Nd4 18. Nd5 Qc6 19. Qxc6+ Nxc6 20. Rac1 Kd8
21. Rfd1 h5 22. Rc4 Nb4 23. Nxb4 Rxc4 24. bxc4 axb4 25. Bxe5 Kc7 26. Bf4 Kc6
27. Bd2 Kc5 28. Rb1 Be7 29. Rxb4 Ra8 30. a4 Bf6 31. Kg2 g6 32. h4 Ra6 33. Kf3
Bd4 34. e3 Be5 35. Ke2 Kc6 36. Kd3 Bf6 37. Kc2 Bd8 38. Rb8 Kc7 39. Rb4 Kc6 40.
Bc3 Ba5 41. Rb8 Bxc3 42. Kxc3 Rxa4 43. Rc8+ Kb6 44. Rg8 Kc5 45. Rxg6 Ra2 46.
Rg5 Rxf2 47. Rxh5 Kc6 48. Kd3 Kd7 49. Rg5 Ke6 50. g4 fxg4 51. Rxg4 Rh2 52. Ke4
Rh3 53. Rg6+ Ke7 54. Rg4 Ke6 55. Rf4 Rg3 56. Kd4 Rg1 57. Re4+ Kd7 58. Kd5 Rd1+
59. Rd4 Rf1 60. Rg4 Rd1+ 61. Ke4 Ke6 62. Rg6+ Ke7 63. h5 Rh1 64. h6 Rh5 65.
Rg7+ Kf6 66. Rd7 Ke6 67. Rh7 Rh4+ 68. Kd3 Rh5 69. Rh8 Kf6 70. Ke4 Rh1 71. Kd5
Rd1+ 72. Kc6 Rc1 73. Kxd6 Rxc4 74. Re8 Kg6 75. Re6+ Kh7 76. e4 Ra4 77. e5 Ra6+
78. Kd5 Ra5+ 79. Ke4 Ra4+ 80. Kf5 Ra1 81. Rb6 Rf1+ 82. Ke6 Kxh6 83. Ke7+ Kg7
84. Rb4 Rf7+ 85. Kd6 {Rest nicht rekonstruierbar.} 1/2-1/2

[Event "BL 0506 Solinger SG - SC Kreuzberg"]
[Site "?"]
[Date "2006.02.18"]
[Round "10.7"]
[White "Tischbierek, Raj"]
[Black "Hoffmann, Michael"]
[Result "0-1"]
[WhiteElo "2466"]
[BlackElo "2443"]
[PlyCount "102"]
[EventDate "2006.??.??"]

1. g3 d5 2. Bg2 Nf6 3. Nf3 c6 4. O-O Bg4 5. d4 Nbd7 6. c4 e6 7. Qb3 Qb6 8. Nc3
Be7 9. c5 Qa6 10. e4 Nxe4 11. Nxe4 dxe4 12. Ng5 Bxg5 13. Bxg5 Bf5 14. Rfe1 b6
15. cxb6 Nxb6 16. g4 Bg6 17. f3 e3 18. f4 O-O 19. Bxc6 Rab8 20. Qa3 Qxa3 21.
bxa3 Rfc8 22. Rac1 f6 23. Bh4 Be8 24. Bf3 Rxc1 25. Rxc1 Rd8 26. Rc3 Rxd4 27.
Rxe3 Bd7 28. Bg3 Nd5 29. Re4 Rd2 30. Re2 Rd3 31. Kf2 Kf7 32. Rb2 Bc6 33. Rb3
Rd2+ 34. Kg1 Rxa2 35. f5 exf5 36. gxf5 a6 37. Bh5+ g6 38. fxg6+ hxg6 39. Bf3 a5
40. Bd6 a4 41. Rd3 Ke6 42. Bc5 g5 43. Rd1 Rc2 44. Re1+ Kf7 45. Bd6 Nf4 46. Re7+
Kg6 47. Be4+ Bxe4 48. Rxe4 Nh3+ 49. Kf1 f5 50. Rxa4 f4 51. Ra8 Rxh2 0-1

[Event "BL 0506 Solinger SG - SC Kreuzberg"]
[Site "?"]
[Date "2006.02.18"]
[Round "10.8"]
[White "Ernst, Sipke"]
[Black "Loeffler, Stefan"]
[Result "1-0"]
[WhiteElo "2473"]
[BlackElo "2440"]
[PlyCount "67"]
[EventDate "2006.??.??"]

1. d4 Nf6 2. c4 e6 3. Nf3 c5 4. e3 d5 5. Nc3 a6 6. cxd5 exd5 7. Bd3 Nc6 8. Ne5
Bd6 9. Qa4 Bxe5 10. dxe5 Ng4 11. f4 O-O 12. O-O d4 13. Nd1 Nb4 14. Qb3 Be6 15.
Bc4 Bf5 16. e4 Bxe4 17. Qg3 h5 18. h3 Nh6 19. f5 Nxf5 20. Rxf5 Bxf5 21. Bg5 Qb6
22. Bf6 g6 23. Nf2 Nc2 24. Qg5 Kh7 25. Ng4 Bxg4 26. hxg4 Ne3 27. Bd3 Nxg4 28.
Qxh5+ Nh6 29. Rf1 c4 30. Rf3 Qe6 31. Rf4 Qxf6 32. exf6 cxd3 33. Qg5 d2 34. Rh4
1-0

[Event "BL 0506 SV Wattenscheid - SF Berlin"]
[Site "?"]
[Date "2006.02.18"]
[Round "10.1"]
[White "Polzin, Rainer"]
[Black "Sargissian, Gabriel"]
[Result "0-1"]
[WhiteElo "2514"]
[BlackElo "2610"]
[PlyCount "66"]
[EventDate "2006.??.??"]

1. e4 e5 2. Nf3 Nc6 3. Bb5 Nf6 4. O-O Nxe4 5. d4 Nd6 6. dxe5 Nxb5 7. a4 Nbd4 8.
Nxd4 d6 9. Nxc6 bxc6 10. Qh5 Be7 11. Rd1 O-O 12. Ra3 Qd7 13. Rc3 c5 14. b3 Qg4
15. Qxg4 Bxg4 16. f3 Be6 17. Ba3 Rfd8 18. Kf2 Rab8 19. Ke2 Rd7 20. g4 f5 21. h3
Kf7 22. Rg1 g5 23. Nd2 h5 24. Nf1 Rh8 25. Rg2 a6 26. Ne3 hxg4 27. hxg4 f4 28.
Nf5 Bxf5 29. gxf5 dxe5 30. Bxc5 Rhd8 31. Rf2 Rd1 32. Be3 fxe3 33. Kxe3 c5 0-1

[Event "BL 0506 SV Wattenscheid - SF Berlin"]
[Site "?"]
[Date "2006.02.18"]
[Round "10.2"]
[White "Rustemov, Alexander"]
[Black "Borriss, Martin Dr"]
[Result "1-0"]
[WhiteElo "2564"]
[BlackElo "2424"]
[PlyCount "57"]
[EventDate "2006.??.??"]

1. d4 d5 2. Nf3 Nf6 3. c4 e6 4. Nc3 Be7 5. Qc2 O-O 6. cxd5 exd5 7. Bg5 Na6 8.
e3 Nb4 9. Qb1 g6 10. Qd1 a5 11. a3 Na6 12. h3 c6 13. Bd3 Nc7 14. O-O Ne6 15.
Bh6 Re8 16. Ne5 Nd7 17. f4 Ng7 18. Qf3 f6 19. Nxd7 Bxd7 20. g4 Bf8 21. Rae1 Ne6
22. Bxf8 Nxf8 23. Re2 Kg7 24. h4 Re7 25. Rh2 Rf7 26. h5 Qc8 27. hxg6 Bxg4 28.
Qg3 hxg6 29. f5 1-0

[Event "BL 0506 SV Wattenscheid - SF Berlin"]
[Site "?"]
[Date "2006.02.18"]
[Round "10.4"]
[White "Handke, Florian"]
[Black "Poldauf, Dirk"]
[Result "0-1"]
[WhiteElo "2460"]
[BlackElo "2417"]
[PlyCount "60"]
[EventDate "2006.??.??"]

1. e4 e6 2. d4 d5 3. e5 c5 4. c3 Nc6 5. Nf3 Nge7 6. Na3 cxd4 7. cxd4 Nf5 8. Nc2
Bd7 9. Be2 Rc8 10. O-O Qb6 11. g4 Nfe7 12. b3 Ng6 13. h4 h5 14. gxh5 Rxh5 15.
Bg5 Be7 16. Nh2 Rh8 17. h5 Bxg5 18. hxg6 Bf4 19. gxf7+ Kxf7 20. Ng4 Rh4 21. Qd3
Rch8 22. Kg2 Rh3 23. Bf3 Qd8 24. Rg1 Qh4 25. Kf1 Ne7 26. Ke2 Nf5 27. Rh1 Qg5
28. Rxh3 Rxh3 29. Nge3 Bxe3 30. Nxe3 Bb5 0-1

[Event "BL 0506 SV Wattenscheid - SF Berlin"]
[Site "?"]
[Date "2006.02.18"]
[Round "10.6"]
[White "Lemmers, Oscar"]
[Black "Thinius, Marco"]
[Result "0-1"]
[WhiteElo "2425"]
[BlackElo "2353"]
[PlyCount "62"]
[EventDate "2006.??.??"]

1. e4 e5 2. Nc3 Nf6 3. Nf3 Nc6 4. Bb5 Nd4 5. Ba4 Bc5 6. Nxe5 O-O 7. Nd3 Bb6 8.
e5 Ne8 9. Nd5 d6 10. Ne3 c5 11. c3 Nf5 12. O-O Nxe3 13. dxe3 c4 14. Nb4 dxe5
15. Qe2 Be6 16. Rd1 Qh4 17. f3 Nf6 18. Nc2 Rad8 19. Bd2 Bf5 20. Be1 Qh6 21. Bf2
Bd3 22. Qe1 Nd5 23. e4 Nf4 24. Kh1 Bxf2 25. Qxf2 Qa6 26. Bb3 cxb3 27. Nb4 Qb6
28. Qxb6 axb6 29. axb3 Be2 30. Rdb1 Rd2 31. Ra7 Nxg2 0-1